| 000 | 01008nam a2200253 a 4500 | ||
|---|---|---|---|
| 001 | 000021318 | ||
| 005 | 20200930011307.0 | ||
| 008 | 100906s1989 sp 000 0 spa d | ||
| 020 | _a8477748543 | ||
| 245 | 0 | 3 |
_aLa lingüística de la escritura : _bdebates entre lengua y literatura / _ccompilación Nigel Fabb, Derek Attridge, Alan Durant y Colin MacCabe; tradución Javier Yagüe Bosch ; colección Carlos Piera. |
| 260 |
_aMadrid, : _bVisor, _c1989. |
||
| 300 |
_a313 p. ; _c25 cm. |
||
| 490 | 1 |
_aLingüística y conocimiento _vv. 4 |
|
| 504 | _aIncluye referencias bibliográficas y notas al pie de las páginas | ||
| 504 | _aIncluye bibliografías | ||
| 700 | 1 |
_aFabb, Nigel, _ecomp. _944548 |
|
| 700 | 1 |
_aAttridge, Derek, _ecomp. _944549 |
|
| 700 | 1 |
_aDurant, Alan, _ecomp. _944550 |
|
| 700 | 1 |
_aMacCabe, Colin, _ecomp. _944551 |
|
| 700 | 1 |
_aYagüe Bosch, Javier, _etr. _944552 |
|
| 700 | 1 |
_aPiera, Carlos, _ecol. _944553 |
|
| 830 | 0 |
_aLingüística y conocimiento _nno. 4 _944554 |
|
| 999 |
_c20818 _d20818 |
||
| 040 | _aDO-SdBNP | ||